| 000 | 00760cam a22002534a 4500 | ||
|---|---|---|---|
| 001 | 12484546 | ||
| 003 | OSt | ||
| 005 | 20230902121841.0 | ||
| 008 | 010727s2002 enka 001 0 eng | ||
| 010 | _a 2001040686 | ||
| 020 | _a9788177581041 | ||
| 040 |
_aDLC _cDLC _dDLC |
||
| 042 | _apcc | ||
| 050 | 0 | 0 |
_aHB135 _b.S886 2002 |
| 082 | 0 | 0 |
_a330.0151 _bSYD/M |
| 100 | 1 |
_aSydsæter, Knut _99394 |
|
| 245 | 1 | 0 |
_aMathematics for economic analysis / _cKnut Sydsaeter and Peter Hammond. |
| 246 | 3 | 0 | _aEconomic analysis |
| 260 |
_aNoida : _bPearson, _cc2006. |
||
| 300 |
_a1000 p. : _bill. ; _c25 cm. |
||
| 650 | 0 | _aEconomics, Mathematical. | |
| 700 | 1 |
_aHammond, Peter J., _d1945- |
|
| 942 |
_2ddc _cBK _h330.0151 _iSYD/M _k330.0151 _mSYD/M |
||
| 999 |
_c42061 _d42061 |
||